Antipodean Places - Statistics

General Stats
  • This quiz has been taken 15 times
  • The average score is 14 of 20
Answer Stats
Hint Answer % Correct
Port-aux-Français, Kerguelen Islands Canada
100%
Ngerulmud, Palau Brazil
92%
Hamilton, Bermuda Australia
85%
Ulaanbaatar, Mongolia Chile
85%
Stanley, Falkland Islands China
85%
Jakarta, Indonesia Colombia
85%
Auckland, New Zealand Spain
85%
Hanga Roa, Rapa Nui (Easter Island) India
77%
London, Kiritimati Island, Kiribati D. R. Congo
69%
Singapore Ecuador
62%
Dumont d'Urville Station, Antarctica Greenland
62%
Comodoro Rivadavia, Argentina Mongolia
62%
Tangier, Morocco New Zealand
62%
Adamstown, Pitcairn Islands Saudi Arabia
62%
Honolulu, Hawaii Botswana
54%
Lima, Peru Cambodia
54%
Kaohsiung, Taiwan Paraguay
54%
Pape'ete, Tahiti, French Polynesia Sudan
54%
Funafuti, Tuvalu Ghana
46%
Port Vila, Vanuatu Mauritania
46%
No matching quizzes found
Score Distribution
Percent of People with Each Score
Percentile by Number Answered
Your Score History
You have not taken this quiz